000 00837cam a2200217 4500
001 WS116481
008 020125n 000 0 eng u
035 _a(Sirsi) u116481
110 _aAfrican Development Bank Group
_94190
245 _aAfrican Development Bank Group
520 _aWeb site for this bank which describes itself as 'the premier financial development institution of Africa, dedicated to combating poverty'. Includes pages onprojects, financial management, statistics, lists of loan approvals and links to the 'ADB Business Bulletin'.
650 _aSTATISTICS
650 _aLOANS
650 _aGRANTS
650 _aINTERNATIONAL
650 _aAFRICA
650 _aEXCHANGE RATES
690 _aECONOMIC ISSUES
856 4 0 _uhttps://www.afdb.org
_zView the website free of charge at www.afdb.org...
942 _n0
999 _c119998
_d119998